Vấn đề thiếu calci & phương pháp bổ sung Calci : Thiếu calci và bổ sung calci

Na minha lista:
Detalhes bibliográficos
Autor principal: Ngô, Thăng Hoa
Formato: Livro
Idioma:Undetermined
Publicado em: Hà Nội Y học 2003
Assuntos:
Tags: Adicionar Tag
Sem tags, seja o primeiro a adicionar uma tag!
Thư viện lưu trữ: Trung tâm Học liệu Trường Đại học Cần Thơ
LEADER 00674nam a2200205Ia 4500
001 CTU_96937
008 210402s9999 xx 000 0 und d
020 |c 28000 
082 |a 613.286 
082 |b H401 
100 |a Ngô, Thăng Hoa 
245 0 |a Vấn đề thiếu calci & phương pháp bổ sung Calci : 
245 0 |b Thiếu calci và bổ sung calci 
245 0 |c Ngô Thăng Hoa, Tiền Kiếm Hải ; Nguyễn Kim Dân biên dịch 
260 |a Hà Nội 
260 |b Y học 
260 |c 2003 
650 |a Vitamins in human nutrition,Vitamin D 
904 |i Minh 
980 |a Trung tâm Học liệu Trường Đại học Cần Thơ